Participants aux Grands Jeux Intermagiques dans Fairy Tail - Statistiques

Statistiques générales
  • Ce quiz a été pris 32 fois
  • Le résultat moyen est 31 sur 45
Statistiques - réponses
Equipe Mage participant % Correct
Team Fairy Tail A Erza
100%
Team Fairy Tail A Grey
100%
Team Fairy Tail A Lucy
100%
Team Fairy Tail B Mirajane
100%
Team Fairy Tail A Natsu
100%
Team Sabertooth Rog
100%
Team Sabertooth Sting
100%
Team Fairy Tail B Luxus
97%
Team Fairy Tail A Wendy
97%
Team Fairy Tail A Elfman
93%
Team Lamia Scale Leon
93%
Team Sabertooth Minerva
93%
Team Fairy Tail B Gajil
90%
Team Fairy Tail B Jubia
90%
Team Lamia Scale Cherrya
86%
Team Mermaid Heel Kagura
86%
Team Fairy Tail B Kanna
86%
Team Sabertooth Yukino
86%
Team Lamia Scale Jura
83%
Team Blue Pegasus Ichiya
79%
Team Blue Pegasus Jenny
76%
Team Quattro Cerberos Bacchus
72%
Team Mermaid Heel Miliana
72%
Team Sabertooth Rufus
72%
Team Blue Pegasus Hibiki
69%
Team Fairy Tail B Mistgun
69%
Team Sabertooth Orga
69%
Team Blue Pegasus Ren
69%
Team Raven Tail Flare
66%
Team Raven Tail Alexei
59%
Team Blue Pegasus Eave
59%
Team Blue Pegasus Nichiya
59%
Team Lamia Scale Toby
59%
Team Lamia Scale Yuka
59%
Team Mermaid Heel Beth
34%
Team Mermaid Heel Risley
31%
Team Raven Tail Kurohebi
28%
Team Raven Tail Ohbra
28%
Team Raven Tail Nalpuding
24%
Team Quattro Cerberos Rocker
24%
Team Quattro Cerberos Warcry
24%
Team Mermaid Heel Alanya
21%
Team Quattro Cerberos Nobarly
21%
Team Quattro Cerberos Jager
17%
Team Quattro Cerberos Semus
14%
Aucun quiz correspondant
Distribution des résultats
% des personnes avec chaque résultat
Percentile par nombre de réponses
Votre historique - résultats
Vous n’avez pas pris ce quiz